000
00207nam a2200085Ia 4500
008
120527s9999 xx 000 0 und d
100
_a
Elseth, D. Gerald
245
_a
Principles of modern genetics
942
_c
BK
999
_c
27288
_d
27288